000 00429nmm a2200157Ia 4500
008 251105s9999||||xx |||||||||||||||||und||
041 _aspa
100 _aWarren, Patricia Nell
245 0 _aEl corredor de fondo
264 _a[Madrid, España] :
_bEditorial Egales,
_c2018
300 _a472 páginas
490 _aNarrativa
650 _aRomance
856 _uhttps://public.digitaliapublishing.com/a/163268
942 _cCF
999 _c100199
_d100199